000
00351nam a2200169Ia 4500
100
_a
Sivanandam/S.N
650
_a
Fuzzy logic
942
_c
BK
366
_f
25
654
_a
fuzzy logic
245
_a
Introduction to Fuzzy logic using matlab
260
_b
Springer
_c
2007
082
_b
SIV
300
_a
430
546
_a
ENGLISH
999
_c
28729
_d
28729